| 000 | 00971nam a22003137a 4500 | ||
|---|---|---|---|
| 003 | CHAP | ||
| 005 | 20220329140632.0 | ||
| 008 | 971013s1985 r 00010 d | ||
| 010 | _a55127 | ||
| 011 | _a56099 | ||
| 035 | _a60252 | ||
| 040 | _cCHAP | ||
| 082 |
_a581.15 _bS3 |
||
| 100 | 0 | 0 |
_aSaporta, G. de. _9102597 |
| 245 | _aL'evolution du ráegne végétal | ||
| 260 |
_aParis : _bFélix Alcan, _c1985 |
||
| 300 |
_av. _b: ilus. |
||
| 490 |
_aBibliotháeque Scientifique Internationale _v; 43 |
||
| 500 | _aLa biblioteca tiene: v.2 | ||
| 590 |
_aBATCH-UPD _b10 _c20130110 _lUCH01 _h0449 |
||
| 590 |
_aBATCH-UPD _b10 _c20130410 _lUCH01 _h0125 |
||
| 590 |
_aBATCH-UPD _b10 _c20130914 _lUCH01 _h0625 |
||
| 590 |
_aCONVERSION _b10 _c20130109 _lUCH01 _h1330 |
||
| 650 | 1 | 4 |
_aEvolución (Plantas) _939010 |
| 830 | 0 |
_aBibliotháeque Scientifique Internationale _v; 43 _912586 |
|
| 901 | _aBK | ||
| 942 | _cLIBRO | ||
| 949 |
_a581.15 S3 _bBC _cBPP _d-129935 _eBPP _h9345 _i60252 _si |
||
| 999 |
_c55127 _d55127 |
||